000 01233nam a2200265Ia 4500
999 _c5758
_d5758
003 OSt
005 20200610224302.0
008 191128s1973 ag ad fr 000 0 spa d
040 _aCO-JMCR
_cCO-JMCR
041 1 _aspa
_heng
082 0 4 _a330.0182 /
_bF791m
_223
100 1 _aFox, Karl A.,
_eautor
_95095
245 1 0 _aManual de econometría /
_cKarl A. Fox ; traducción Mauricio Kitaigorodzki ; revisión técnica, Saúl Hanono
260 _aBuenos Aires :
_bAmorrortu Editores,
_c1973
300 _a558 páginas :
_bgráficos a blanco y negro ;
_c22 cm.
490 0 _aBiblioteca de economía política
500 _aTítulo original: Intermediate economic statistic
504 _aIncluye bibliografía al final de cada capítulo.
505 0 _aEconomía y estadística -- Revisión de conceptos económicos -- Revisión de conceptos estadísticos -- Regresión simple y medición de relaciones económicas -- Números índice y serie cronológicas -- Análisis de regresión simple: modelos alternativos
546 _aTraducido del inglés
650 1 4 _aEconometría matemática
_xmanuales
_95465
700 1 _aKitaigorodzki, Mauricio,
_etraductor
_95452
700 1 _aHanono, Saúl,
_erevisor
_95466
942 _2ddc
_cBK